The Idea of Universal History in Greece : From Herodotus to the Age of Augustus /
This is an expanded version of a lecture given in the Departments of History and Classics at Harvard in 1998. Starting from a methodological point of view, this book show the evolution of the idea of world history through the works of Herodotus, Thucydides, Xenophon, Ctesias, Ephorus, Polybius and o...
المؤلف الرئيسي:
التنسيق: كتاب الكتروني
اللغة: English
منشور في:
Leiden; Boston :
BRILL,
2002.
سلاسل:
Brill Book Archive Part 1, ISBN: 9789004472495.
Amsterdam Classical Monographs ;
4.
الموضوعات:
الوصول للمادة أونلاين: Login to view Source
الوسوم: إضافة وسم
رقم الطلب: DF211
| LEADER | 02394nam a22005418i 4500 | ||
|---|---|---|---|
| 001 | BRILL9789004494213 | ||
| 003 | nllekb | ||
| 005 | 20230529212005.0 | ||
| 006 | m d | ||
| 007 | cr un uuuua | ||
| 008 | 200716s2002 ne sb 001 0 eng d | ||
| 020 | |a 9789004494213 |q (electronic book) | ||
| 020 | |a 9789004156463 |q (print) | ||
| 024 | 7 | |a 10.1163/9789004494213 |2 DOI | |
| 035 | |z (OCoLC)173088694 | ||
| 040 | |a NL-LeKB |c NL-LeKB |e rda | ||
| 050 | 4 | |a DF211 | |
| 072 | 7 | |a HBLA1 |2 bicssc | |
| 072 | 7 | |a HIS |x 002000 |2 bisacsh | |
| 072 | 7 | |a HIS |x 039000 |2 bisacsh | |
| 082 | 0 | 4 | |a 938/.007/2 |2 23 |
| 100 | 1 | |a Alonso-Núnez, J.M. |e author. | |
| 245 | 1 | 4 | |a The Idea of Universal History in Greece : |b From Herodotus to the Age of Augustus / |c J.M. Alonso-Núnez. |
| 246 | 3 | |a From Herodotus to the Age of Augustus | |
| 264 | 1 | |a Leiden; |a Boston : |b BRILL, |c 2002. | |
| 300 | |a 1 online resource. | ||
| 336 | |a text |b txt |2 rdacontent | ||
| 337 | |a computer |b c |2 rdamedia | ||
| 338 | |a online resource |2 rdacarrier | ||
| 490 | 1 | |a Brill Book Archive Part 1, ISBN: 9789004472495 | |
| 490 | 1 | |a Amsterdam Classical Monographs ; |v 4 | |
| 504 | |a Includes bibliographical references and index. | ||
| 520 | |a This is an expanded version of a lecture given in the Departments of History and Classics at Harvard in 1998. Starting from a methodological point of view, this book show the evolution of the idea of world history through the works of Herodotus, Thucydides, Xenophon, Ctesias, Ephorus, Polybius and others up to the historians of the Augustan epoch. | ||
| 559 | 4 | |a DF211 | |
| 588 | |a Description based on print version record. | ||
| 650 | 0 | |a Historiography |z Greece |x History. | |
| 650 | 0 | |a World history |x Historiography. | |
| 650 | 0 | |a History, Ancient |x Historiography. | |
| 650 | 0 | |a History |x Philosophy. | |
| 650 | 0 | |a Philosophy, Ancient. | |
| 650 | 0 | |a Historiography. | |
| 776 | 0 | 8 | |i Print version: |t The Idea of Universal History in Greece : From Herodotus to the Age of Augustus. |d Leiden ; Boston : BRILL, 2002 |z 9789004156463 |
| 830 | 0 | |a Brill Book Archive Part 1, ISBN: 9789004472495. | |
| 830 | 0 | |a Amsterdam Classical Monographs ; |v 4. | |
| 856 | 4 | |z DOI: |u http://dx.doi.org/10.1163/9789004494213 | |
| 942 | |2 lcc |c EBOOK | ||
| 952 | |0 0 |1 0 |2 lcc |4 0 |6 DF0211 |7 1 |9 48613 |a BRILL |b BRILL |d 2023-05-29 |l 0 |o DF211 |r 2023-05-29 00:00:00 |w 2023-05-29 |y EBOOK | ||
| 999 | |c 53957 |d 53957 | ||
